00690nam a2200169Ia 4500008004100000020001800041050001900059100002900078245011000107250000600217260004100223300001900264650008100283700004300364952009600407999001700503120626s9999 xx 000 0 und d a84-7978-527-6 aQA76.9.A25 P47 aPESO NAVARRO, Emilio del aLa seguridad de los datos de carácter personal / Emilio del Peso Navarro, Miguel Angel Ramos González a2 aMadrid ; España : Díaz de Santos aXXXVII, 246 p. a1. SEGURIDAD EN COMPUTADORAS - MANUALES 2. PROTECCIÓN DE DATOS - MANUALES aI. Ramos González, Miguel, coaut.Ì 00104070a09b09d2007-09-27l0oQA76.9.A25 P47p09 002068r2012-06-26t1w2012-06-26yLB c64008d64008